Konigsmark / (Record no. 186394)
[ view plain ]
| 000 -LEADER | |
|---|---|
| fixed length control field | 01065 a2200169 4500 |
| 003 - CONTROL NUMBER IDENTIFIER | |
| control field | Nust |
| 005 - DATE AND TIME OF LATEST TRANSACTION | |
| control field | 20230131122303.0 |
| 040 ## - CATALOGING SOURCE | |
| Transcribing agency | Nust |
| 082 ## - DEWEY DECIMAL CLASSIFICATION NUMBER | |
| Classification number | 808.83,MAS |
| 100 ## - MAIN ENTRY--PERSONAL NAME | |
| Personal name | Mason A E W |
| 9 (RLIN) | 108216 |
| 245 ## - TITLE STATEMENT | |
| Title | Konigsmark / |
| Statement of responsibility, etc. | A .E .W Mason |
| 260 ## - PUBLICATION, DISTRIBUTION, ETC. | |
| Place of publication, distribution, etc. | London |
| Name of publisher, distributor, etc. | Hodder |
| 300 ## - PHYSICAL DESCRIPTION | |
| Extent | 412:p |
| 505 ## - FORMATTED CONTENTS NOTE | |
| Formatted contents note | Tells of A Rehearsal (Page-7), Philips The Page (Page-22), Bernstorff’s First Taste of Power (Page-34), A Night of Terror (Page-46), A Messenger to Hanover (Page-68) Takes Place in England (Page-87) The End of A Friendship (Page-113) A Cause Célèbre (Page- 119), Sophia Dorothea A Marries (Page-166), Craston Meets a Redoubtable Lady (Page-201), Two Old Friend Meet Again (Page-225), A Chilles and Iphigenia Meet Again (Page-239), A Conspiracy is Planned (Page-248), And How it A Plot Foiled (Page-326), The Night of July ist (Page-376), The Night of July ist .The Hall of the Knights (Page-386), Clara Sees it Through (Page-397), George Augustus Prince of Wales Makes A pilgrimage (Page-405). |
| 650 ## - SUBJECT ADDED ENTRY--TOPICAL TERM | |
| Topical term or geographic name entry element | Novel |
| 9 (RLIN) | 2525 |
| 942 ## - ADDED ENTRY ELEMENTS (KOHA) | |
| Source of classification or shelving scheme | |
| Koha item type | Book |
| Call number prefix | 808.83,MAS |
| Withdrawn status | Lost status | Source of classification or shelving scheme | Damaged status | Not for loan | Permanent Location | Current Location | Shelving location | Date acquired | Full call number | Barcode | Date last seen | Price effective from | Koha item type | Public note |
|---|---|---|---|---|---|---|---|---|---|---|---|---|---|---|
| Military College of Signals (MCS) | Military College of Signals (MCS) | General Stacks | 12/12/2016 | 808.83,MAS | MCS29873 | 12/08/2016 | 12/12/2016 | Book | Almirah No. 57, Shelf No. 1 |
